|
|
|
|
| LEADER |
00000nab a2200000 ar4500 |
| 001 |
vtls010116965 |
| 003 |
SK-MaSNL |
| 005 |
20260304020530.0 |
| 008 |
100721c2010 xo wr|p|||||||000 b|slo |
| 038 |
|
|
|a PPPK
|
| 040 |
|
|
|a PPPKCL
|b slo
|c PPPKCL
|e AACR2
|
| 041 |
0 |
|
|a slo
|
| 044 |
|
|
|a xo
|c SK
|
| 080 |
|
|
|a 634/635:005.745
|2 2001
|
| 245 |
0 |
0 |
|a Konferencia záhradkárov
|c [autor] (red)
|
| 610 |
2 |
7 |
|a Slovenský zväz záhradkárov
|b Okresný výbor (Poprad, Slovensko)
|2 pppkcl
|9 1298171
|
| 611 |
2 |
7 |
|a Konferencia Slovenského zväzu záhradkárov
|d (2010 :
|c Poprad, Slovensko)
|2 pppkcl
|9 1298177
|
| 648 |
|
7 |
|a 19.6.2010
|2 pppkcl
|9 1100794
|
| 650 |
0 |
7 |
|a záhradkárstvo
|2 pppkcl
|9 2728
|
| 650 |
0 |
7 |
|a konferencie
|2 pppkcl
|9 19221
|
| 651 |
|
7 |
|a Poprad (Slovensko)
|2 pppkcl
|9 20155
|
| 773 |
0 |
|
|t Podtatranské noviny
|g Roč. LI, č. 25 (2010), s. 4
|x 1210-2423
|
| 852 |
|
|
|a PPPK
|b KIS3GCP
|
| 999 |
|
|
|c 2599421
|d 2601351
|